Penjarah harta purba

Bibliographic Details
Main Author: Zabri Hazry
Format: Book
Published: Kuala Lumpur : Penerbitan Hartamas , 2003
Series:Koleksi pengembaraan mencabar
Subjects:

MARC

LEADER 00000cam a2200000 7i4500
001 0000055000
005 20220105105356.0
008 151114
020 |a 9830347850 
090 0 0 |a AD   |b MAL 
100 1 |a Zabri Hazry 
245 1 0 |a Penjarah harta purba   |c Zabri Hazry 
260 |a Kuala Lumpur :   |b Penerbitan Hartamas ,   |c 2003 
300 |a 108pg. :   |b ill. 
490 1 |a Koleksi pengembaraan mencabar 
500 |a Children ages 7-9 years old (orange) 
650 0 |a Children's Stories, Malay 
999 |a 0000920625   |b Book   |c Children Collection   |e Cawangan Bukit Gambir 
999 |a 0000920626   |b Book   |c Children Collection   |e Cawangan Bukit Gambir 
999 |a 0000928666   |b Book   |c Adult Collection   |e Cawangan Tangkak 
999 |a 0000928667   |b Book   |c Children Collection   |e Cawangan Tangkak 
999 |a 0000949342   |b Book   |c Children Collection   |e Cawangan Muar